| 000 | 00906nam a22002057a 4500 | ||
|---|---|---|---|
| 005 | 20220729112809.0 | ||
| 008 | 190529b ag ||||| |||| 00| 0 spa d | ||
| 050 | 0 | 4 |
_aKKH1710 _bC35 1986 |
| 100 | 1 |
_aCalamandrei, Piero, _d1889-1956, _eautor |
|
| 240 | 1 | 0 |
_aIstituzioni di diritto processuale civile, secondo il nuovo codice. _lEspañol |
| 245 | 1 | 0 |
_aInsituciones de derecho procesal civil según el nuevo código _c/ Piero Calamandrei ; traducción de la segunda edición italiana y estudio preliminar por Santiago Sentis Melendo. |
| 250 | _aPrimera edición | ||
| 260 |
_aBuenos Aires, Argentina : _bEdiciones Jurídicas Europa-Americana, _cc1983 |
||
| 300 |
_a3 v. ; _c22 cm. |
||
| 490 | 0 |
_aCiencia del proceso ; _vno. 40, 41, 42 |
|
| 650 | 7 |
_2lemb _aProcedimiento civil _zItalia |
|
| 700 | 1 |
_aSentis Melendo, Santiago, _etraducción |
|
| 700 | 1 |
_aAlsina, Hugo, _d1881-1958, _eautor |
|
| 942 |
_2lcc _cLIB |
||
| 999 |
_c148756 _d148754 |
||